The Role of Biology in Resolving the Food Crises in Africa (Record no. 3058)

MARC details
000 -LEADER
fixed length control field 00372nam a22001337a 4500
008 - FIXED-LENGTH DATA ELEMENTS--GENERAL INFORMATION
fixed length control field 250417b |||||||| |||| 00| 0 eng d
020 ## - INTERNATIONAL STANDARD BOOK NUMBER
ISBN 9290910127
100 ## - MAIN ENTRY--AUTHOR
Author T'DIANA, Amadou
245 ## - TITLE STATEMENT
Title The Role of Biology in Resolving the Food Crises in Africa
260 ## - PUBLICATION, DISTRIBUTION, ETC. (IMPRINT)
Place of publication Dakar, Senegal
Name of publisher African Bioscience
Date of publication 1991
300 ## - COLLATION
Pagination iv, 871p.
942 ## - ADDED ENTRY ELEMENTS (KOHA)
Item type Books
050 ## - LIBRARY OF CONGRESS CALL NUMBER
Classification number HD9000
Item number .R65
Holdings
Source of classification or shelving scheme Not for loan Permanent location Current location Date acquired Accession No. Full call number Barcode. Koha item type
Library of Congress Classification   Samuel Ogbemudia Main Library, University of Abuja Samuel Ogbemudia Main Library, University of Abuja 04/17/2025 92-009740 HD9000.R65 2025-1462 Books